Bez dobrého poistenia riskujete celý majetok aj úspory
Rady, ako uvažovať nad poistením majetku a zodpovednosti za škodu tak, aby poistenie skutočne chránilo. Poistenie nehnuteľnosti treba starostlivo vybrať. Povinné zmluvné poistenie auta a havarijné poistenie. Sedem rád, ako si ochrániť majetok. Poistenie zodpovednosti za škodu ochráni pred dlhmi.
Salvato in:
| Autore principale: | |
|---|---|
| Natura: | Capitolo di libro |
| Lingua: | slovacco |
| Soggetti: | |
| Tags: |
Nessun Tag, puoi essere il primo ad aggiungerne!!
|
MARC
| LEADER | 00000naa a2200000 4500 | ||
|---|---|---|---|
| 001 | 0188901 | ||
| 005 | 20231018111118.3 | ||
| 041 | 0 | |a slo | |
| 044 | |a SK | ||
| 245 | 1 | 0 | |a Bez dobrého poistenia riskujete celý majetok aj úspory |c Juliana Veselá |
| 520 | |a Rady, ako uvažovať nad poistením majetku a zodpovednosti za škodu tak, aby poistenie skutočne chránilo. Poistenie nehnuteľnosti treba starostlivo vybrať. Povinné zmluvné poistenie auta a havarijné poistenie. Sedem rád, ako si ochrániť majetok. Poistenie zodpovednosti za škodu ochráni pred dlhmi. | ||
| 610 | 2 | 0 | |a poistenie majetku |
| 610 | 2 | 0 | |a nehnuteľnosti |
| 610 | 2 | 0 | |a zodpovednosť za škody |
| 610 | 2 | 0 | |a poisťovne |
| 100 | 1 | |a Veselá, Juliana | |